Jesucristo nuestro mediador, nuestro señor / (Record no. 46489)
[ view plain ]
| 000 -LEADER | |
|---|---|
| campo de control de longitud fija | 00744nam a2200229 i 4500 |
| 001 - NÚMERO DE CONTROL | |
| campo de control | 46489 |
| 003 - IDENTIFICADOR DE NÚMERO DE CONTROL | |
| campo de control | ES-MaACL |
| 005 - FECHA Y HORA DE LA ÚLTIMA TRANSACCIÓN | |
| campo de control | 20251003063057.0 |
| 007 - CAMPO FIJO DE DESCRIPCIÓN FÍSICA--INFORMACIÓN GENERAL | |
| campo de control de longitud fija | t| |
| 008 - DATOS DE LONGITUD FIJA--INFORMACIÓN GENERAL | |
| campo de control de longitud fija | 030331s1966 sp ||||1| spa d |
| 100 1# - ENTRADA PRINCIPAL--NOMBRE DE PERSONA | |
| Nombre de persona | Congar, Yves, |
| Fechas asociadas al nombre | 1904-1995 |
| 9 (RLIN) | 40170 |
| 245 10 - MENCIÓN DEL TÍTULO | |
| Título | Jesucristo nuestro mediador, nuestro señor / |
| Mención de responsabilidad, etc. | Yves M. Congar ; [traducción León M. Sansegundo]. |
| 250 ## - MENCION DE EDICION | |
| Mención de edición | 1ª ed. |
| 260 ## - PUBLICACIÓN, DISTRIBUCIÓN, ETC. | |
| Lugar de publicación, distribución, etc. | [Barcelona] : |
| Nombre del editor, distribuidor, etc. | Estela, |
| Fecha de publicación, distribución, etc. | [1966] |
| 300 ## - DESCRIPCIÓN FÍSICA | |
| Extensión | 192 p. ; |
| Dimensiones | 20 cm. |
| 490 1# - MENCIÓN DE SERIE | |
| Mención de serie | Colección "Espiritualidad" ; |
| Designación de volumen o secuencia | 22 |
| 600 04 - PUNTO DE ACCESO ADICIONAL DE MATERIA--NOMBRE DE PERSONA | |
| Nombre de persona | Jesucristo. |
| 9 (RLIN) | 66361 |
| 700 1# - ENTRADA AGREGADA--NOMBRE PERSONAL | |
| Nombre de persona | Sansegundo, León María. |
| 9 (RLIN) | 165875 |
| 830 0# - PUNTO DE ACCESO ADICIONAL DE SERIE-TÍTULO UNIFORME | |
| Título uniforme | Colección "Espiritualidad" ; |
| Designación de volumen o secuencia | 22 |
| 9 (RLIN) | 181338 |
| 852 ## - LOCALIZACIÓN | |
| Ubicación | ES-MaACL |
| Número de control de estantería | C-30798 |
| Sublocalización o colección | R.61419 |
| Estatus retirado | Estado de pérdida | Estado de daño | No para préstamo | Biblioteca de origen | Biblioteca actual | Ubicación en estantería | Fecha de adquisición | Fuente de adquisición | Total de préstamos | Signatura topográfica completa | Código de barras | Visto por última vez | Precio de reemplazo | Tipo de ítem Koha |
|---|---|---|---|---|---|---|---|---|---|---|---|---|---|---|
| Biblioteca del Ateneo de Madrid | Biblioteca del Ateneo de Madrid | Depósito 2 | 17/01/2008 | C-30798 | 1048892 | 23/02/2023 | 23/02/2023 | Libro impreso |
